GAME THEORY AN INTRODUCTION (Record no. 23468)

MARC details
000 -LEADER
fixed length control field 00367nam a2200145Ia 4500
008 - FIXED-LENGTH DATA ELEMENTS--GENERAL INFORMATION
fixed length control field 240624s9999 xx 000 0 und d
041 ## - LANGUAGE CODE
Language code of text/sound track or separate title eng
082 ## - DEWEY DECIMAL CLASSIFICATION NUMBER
Classification number 519.3 BAR
100 ## - MAIN ENTRY--PERSONAL NAME
Personal name BARON E N
245 ## - TITLE STATEMENT
Title GAME THEORY AN INTRODUCTION
250 ## - EDITION STATEMENT
Edition statement (2nd ed.)
260 ## - PUBLICATION, DISTRIBUTION, ETC.
Date of publication, distribution, etc. 2013
Place of publication, distribution, etc. New Jersey
Name of publisher, distributor, etc. John Wiley & Sons
300 ## - PHYSICAL DESCRIPTION
Extent xvii, : 555 : p. : cm. ; 25
365 ## - TRADE PRICE
Currency code
Price amount 26
Holdings
Withdrawn status Lost status Damaged status Not for loan Home library Current library Shelving location Date acquired Source of acquisition Cost, normal purchase price Full call number Barcode Date last seen Copy number Price effective from Koha item type
        IMTN IMTN Rack 18-A 10/10/2014 MB 109.95 519.3 BAR 23468 06/24/2024 64.2 06/24/2024 Books
Designed & Maintained by: LRC IMT Nagpur Contact: lrc@imtnag.ac.in© 2024. All Rights Reserved.